Fr. Conceicao Rodrigues College of Engineering

Windows 95 and NT Programming (Record no. 30944)

MARC details
000 -LEADER
fixed length control field 00310nam a2200145Ia 4500
082 ## - DEWEY DECIMAL CLASSIFICATION NUMBER
Classification number 5.133
Item number MUR
100 ## - MAIN ENTRY--PERSONAL NAME
Personal name Murray/W.H
245 ## - TITLE STATEMENT
Title Windows 95 and NT Programming
260 ## - PUBLICATION, DISTRIBUTION, ETC.
Name of publisher, distributor, etc. AP Professional
Place of publication, distribution, etc. New york
Date of publication, distribution, etc. 1996
300 ## - PHYSICAL DESCRIPTION
Extent 519
546 ## - LANGUAGE NOTE
Language note ENGLISH
654 ## - SUBJECT ADDED ENTRY--FACETED TOPICAL TERMS
Focus term Computer
942 ## - ADDED ENTRY ELEMENTS (KOHA)
Koha item type BOOK
Holdings
Withdrawn status Lost status Damaged status Not for loan Collection Home library Current library Date acquired Total Checkouts Full call number Barcode Date last seen Price effective from Koha item type
        CRC Fr. Agnel's C.Rodrigues College of Engineering Fr. Agnel's C.Rodrigues College of Engineering 17/03/2023   5.133 MUR 10496 17/03/2023 17/03/2023 BOOK